000 00783pam a2200265 a 4500
001 1442764
003 ARRUPE
005 20150227122500.0
008 850729s1985 ilua 001 0 eng
010 _a 85017764
020 _a0226288625 (pbk.)
020 _a0226288617 (hard)
040 _aDLC
_cDLC
_dDLC
050 0 0 _aQC20
_b.G47 1985
082 0 0 _a530.1/5
_219
100 1 _aGeroch, Robert.
_915418
245 1 0 _aMathematical physics /
_cRobert Geroch.
260 _aChicago :
_bUniversity of Chicago Press,
_c1985.
300 _avi, 351 p. :
_bill. ;
_c23 cm.
440 0 _aChicago lectures in physics
_915419
500 _aIncludes index.
650 0 _aMathematical physics.
_913931
906 _a7
_bcbc
_corignew
_d1
_eocip
_f19
_gy-gencatlg
942 _2lcc
_cMONOGRAPH
999 _c122144
_d122144